000 00234nam a22000857a 4500
008 160819b xxu||||| |||| 00| 0 eng d
100 _9177
_aSrivastava N
245 _aTogether with Art-6
260 _aNew Delhi
_bRachna Sagar publication
_c2007
999 _c2835
_d2835